| 000 | 01203cad a2200205 4500 | ||
|---|---|---|---|
| 001 | J118200 | ||
| 008 | 000000n 000 0 eng u | ||
| 035 | _a(Sirsi) u118200 | ||
| 050 | _a711.52 | ||
| 110 |
_aCommission for Architecture and the Built Environment _94058 |
||
| 245 | 4 | _aThe value of urban design : executive summary | |
| 260 |
_aLondon _bCABE $[ 200-?] |
||
| 300 |
_a[3]p. _c30cm. |
||
| 350 | _a0. | ||
| 520 | _aExecutive summary of "The value of urban design : a research project commissioned by CABE and DETR to examine the value added by good urban design" (ISBN 0727729810), which assesses the benefits of good urban design including higher rental levels, lower maintenance costs and public support. The executive summary is available in pdf format on the CABE website at http://www.cabe.org.uk/displayData.html/c_exec.pdf?type=pdf&id=1 | ||
| 690 | _aREGENERATION | ||
| 710 |
_aUnited Kingdom _bDepartment of the Environment, Transport and the Regions _93507 |
||
| 856 |
_uhttps://webarchive.nationalarchives.gov.uk/20110118095356/http://www.cabe.org.uk/files/the-value-of-urban-design-summary.pdf _zView the item free of charge at webarchive.nationalarchives.gov.uk |
||
| 942 | _n0 | ||
| 999 |
_c102109 _d102109 |
||